000 00947nam a2200313Ia 4500
003 OSt
005 20221007123106.0
006 a|||||r|||| 00| 0
007 ta
008 221006b |||||||| |||| 00| 0 eng d
020 _a9789813207912 (pbk)
024 _a199042
037 _b4784, 12/03/2018, Ashutosh Technical Books
_cTextual
040 _aPAPL
_cPAPL
_beng
041 _2eng
_aeng
082 _aCN1:(B33), Q7 Carpa
100 _aRazavy M
_9716383
245 0 _aClassical and Quantum dissipative systems
250 _a2
260 _aSingapore
_bWorld Scientific
_c2017
300 _axvi, 576p. ill.
_ccm.
500 _aIndex 570-576p.
650 _a Enargy dissipation
_9716384
650 _a Mechanics
650 _a Quantum theory
_9612792
650 _aPhysics
942 _hCN1:(B33), Q7 Carpa
_cTEXL
_2CC
999 _c1211359
_d1211359